000 01673nam0a2200385 4500
001 RU\NLR\bibl\1384146
005 20250615194512.0
010 _a978-5-397-00001-7
_bв пер.
_95000
021 _aRU
_b2009-33046
_91992
035 _a(nilc)RSL-KNO-004319769
035 _a(NLR Aleph) 001376219
090 _a1073135
_c1073135
100 _a20090416d2009 |||y0rusy50 ca
101 1 _arus
_aeng
_ceng
102 _aRU
105 _ay zzzz|||||
200 1 _aТкань космоса
_eпространство, время и текстура реальности
_fБрайан Грин
_gпер. с англ. под общ. рук. Б. С. Ишханова
_gпод ред. кандидатов физ.-мат. наук В.О. Малышенко, А.Д. Панова
210 _aМосква
_cURSS
_cЛИБРОКОМ
_d[2009]
215 _a601 с.
_cил.
_d24
300 _aПер. изд.: The Fabric of the Cosmos / Brian Greene. - New York, 2004
320 _aБиблиогр.: с. 559-562
320 _aПредм. и имен. указ.: с. 563-601
454 0 _12001#$aThe Fabric of the Cosmos$fBrian Greene
_1700#1$aGreene$bB.$gBrian$4070
_1210##$aNew York$d2004
_tThe Fabric of the Cosmos
_aGreene, Brian
606 1 _aПространство и время
_92173538
_3RU\NLR\auth\661307338
606 1 _aКосмология
_91289119
_3RU\NLR\auth\66532630
686 _aВ69,0
_2rubbk
686 _aВ31
686 _aВ632.93
700 1 _aГрин
_bБ.
_f1963-
_gБрайан
_4070
801 0 _aRU
_bРКП
_c20090416
_grcr
801 1 _aRU
_bРГБ
_c20090416
801 2 _aRU
_bNLR
_c20090622
_grcr
942 _cBOOK
980 _aNB